书目信息 |
| 题名: |
人工智能
|
|
| 作者: | 闵庆飞 , 刘志勇 编著 | |
| 分册: | ||
| 出版信息: | 北京 机械工业出版社 2021.03 |
|
| 页数: | X, 270页 | |
| 开本: | 26cm | |
| 丛书名: | 数据科学与大数据管理丛书 | |
| 单 册: | ||
| 中图分类: | TP18 | |
| 科图分类: | ||
| 主题词: | 人工智能--ren gong zhi neng | |
| 电子资源: | ||
| ISBN: | 978-7-111-67648-5 | |
| 000 | 01477nam 2200313 450 | |
| 001 | 202021191970 | |
| 005 | 20211025120131.0 | |
| 010 | @a978-7-111-67648-5@dCNY49.00 | |
| 100 | @a20210922d2021 em y0chiy50 ea | |
| 101 | 0 | @achi |
| 102 | @aCN@b110000 | |
| 105 | @aa a 000yy | |
| 106 | @ar | |
| 200 | 1 | @a人工智能@Aren gong zhi neng@e技术、商业与社会@d= Artificial intelligence@etechnology, business, and society@f闵庆飞, 刘志勇编著@zeng |
| 210 | @a北京@c机械工业出版社@d2021.03 | |
| 215 | @aX, 270页@c图@d26cm | |
| 225 | 2 | @a数据科学与大数据管理丛书@Ashu ju ke xue yu da shu ju guan li cong shu |
| 300 | @a华章教育 | |
| 320 | @a有书目 (第265-270页) | |
| 330 | @a本书主要内容有: 新一代人工智能基本技术原理、特点, 人工智能技术的发展历史, 新一代人工智能发展的驱动因素、特征和发展方向, 人工智能应用层技术的特点、能力和商业意义, 人工智能技术的主要行业应用及影响。全书从战略融合的视角, 启发学生思考“企业如何实现从数字化到智能化”。还探讨了人工智能在宏观层面的长期影响, 如人工智能将如何影响人类工作、人工智能的社会影响和伦理道德, 以及人工智能的社会治理等。 | |
| 410 | 0 | @12001 @a数据科学与大数据管理丛书 |
| 510 | 1 | @aArtificial intelligence@etechnology, business, and society@zeng |
| 517 | 1 | @a技术、商业与社会@Aji shu 、 shang ye yu she hui |
| 606 | 0 | @a人工智能@Aren gong zhi neng |
| 690 | @aTP18@v5 | |
| 701 | 0 | @a闵庆飞@Amin qing fei@4编著 |
| 701 | 0 | @a刘志勇@Aliu zhi yong@4编著 |
| 801 | 0 | @aCN@c20210909 |
| 905 | @a河南城建学院图书馆@dTP18@eM785 | |
| 人工智能:技术、商业与社会= Artificial intelligence:technology, business, and society/闵庆飞, 刘志勇编著.-北京:机械工业出版社,2021.03 |
| X, 270页:图;26cm.-(数据科学与大数据管理丛书) |
| 华章教育 |
| ISBN 978-7-111-67648-5:CNY49.00 |
| 本书主要内容有: 新一代人工智能基本技术原理、特点, 人工智能技术的发展历史, 新一代人工智能发展的驱动因素、特征和发展方向, 人工智能应用层技术的特点、能力和商业意义, 人工智能技术的主要行业应用及影响。全书从战略融合的视角, 启发学生思考“企业如何实现从数字化到智能化”。还探讨了人工智能在宏观层面的长期影响, 如人工智能将如何影响人类工作、人工智能的社会影响和伦理道德, 以及人工智能的社会治理等。 |
| ● |
| 相关链接 |
|
|
|
正题名:人工智能
索取号:TP18/M785
 
预约/预借
| 序号 | 登录号 | 条形码 | 馆藏地/架位号 | 状态 | 备注 |
| 1 | 1540975 | 215409751 | 自科库301/301自科库 102排2列4层/ [索取号:TP18/M785] | 在馆 | |
| 2 | 1540976 | 215409760 | 自科库301/301自科库 102排2列4层/ [索取号:TP18/M785] | 在馆 |